00630nam a2200181Ia 450000500170000000800460001703700290006304000210009204100130011308400250012624500320015124500310018326000750021430000090028994200230029899900210032195201060034220250508155412.0008 250505s9999 xx 000 0 eng d aBooks to be hide in OPAC aFEDL bengcFEDL aeng2eng a370.954, IND/OqFEDL 0aIndian education in 1922-23 0cBureau of Education, India aCalcutta, IndiabGovernment of India Central Publication Branch c1924 a57p. cHBh370.954, IND/O c1356505d1356505 00104070aFEDLbFEDLd2025-05-08l0o370.954, IND/OpEL0041592r2025-05-08 15:54:12w2025-05-08yHB